Catálogo

SEXUALIDAD INFANTIL Y JUVENIL : (Registro nro. 50219)

Detalles MARC
000 -LEADER
fixed length control field 01056nam a2200181 a 4500
001 - CONTROL NUMBER
control field 50219
005 - DATE AND TIME OF LATEST TRANSACTION
control field 20180714035214.0
008 - FIXED-LENGTH DATA ELEMENTS--GENERAL INFORMATION
fixed length control field 140415s2000 mx 000 0 spa d
020 ## - INTERNATIONAL STANDARD BOOK NUMBER
International Standard Book Number 9701852133
041 ## - LANGUAGE CODE
Language code of text/sound track or separate title spa
082 ## - DEWEY DECIMAL CLASSIFICATION NUMBER
Classification number 305.233538
Item number SEX
245 00 - TITLE STATEMENT
Title SEXUALIDAD INFANTIL Y JUVENIL :
Remainder of title NOCIONES INTRODUCTORIAS PARA MAESTRAS Y MAESTROS DE EDUCACION BASICA
250 ## - EDITION STATEMENT
Edition statement 1a ed.
260 ## - PUBLICATION, DISTRIBUTION, ETC.
Place of publication, distribution, etc. MEXICO :
Name of publisher, distributor, etc. SECRETARIA DE EDUCACION PUBLICA,
Date of publication, distribution, etc. 2000
300 ## - PHYSICAL DESCRIPTION
Extent 201
Dimensions 15.6 x 0.6 x 22
520 ## - SUMMARY, ETC.
Summary, etc. EL DESARROLLO INTEGRAL DEL SER HUMANO HA SIDO, DESDE EL ORIGEN MISMO DEL SISTEMA EDUCATIVO MEXICANO, EL PROPOSITO QUE HA GUIADO LA EDUCACION BASICA. ESTA ORIENTACION -ESTABLECIDA EN EL ARTICULO TERCERO CONSTITUCIONAL- INDICA QUE LA ESCUELA Y EL TRABAJO DEL PROFESOR, ADEMAS DE CONTRIBUIR AL DESARROLLO SISTEMATICO DE LAS HABILIDADES INTELECTUALES Y A LA ADQUISICION DE CONOCIMIENTOS BASICOS DE LAS CIENCIAS NATURALES Y SOCIALES, DEBEN CONTRUIBUIR A LA FORMACION DE ACTITUDES Y VALORES FUNDA
650 14 - SUBJECT ADDED ENTRY--TOPICAL TERM
Topical term or geographic name entry element JOVENES
General subdivision SEXUALIDAD
-- NIOS
-- JOVENES
Existencias
Withdrawn status Lost status Source of classification or shelving scheme Damaged status Not for loan Collection code Home library Current library Shelving location Date acquired Source of acquisition Inventory number Total Checkouts Full call number Barcode Date last seen Date last checked out Price effective from Koha item type
    Dewey Decimal Classification     General Biblioteca Karol Wojtyla Biblioteca Karol Wojtyla Sala general 03/12/2013 Compra 151000000000000000053911   305.233538 SEX 74951 05/01/2026 25/11/2017 03/12/2013 Libro